000
00291nam a22001337a 4500
008
170511b xxu||||| |||| 00| 0 eng d
020
_a
031442363
041
_a
eng
080
_2
3RD
_a
343
100
_a
15
101
_a
SHJ
245
_a
PROBLEMS IN EVIDENCE
_c
BROUN, K.S
942
_2
udc
_c
BK
999
_c
13241
_d
13241